The Winner Woman/ (Record no. 212179)

MARC details
000 -LEADER
fixed length control field 00556nam a22001817a 4500
005 - DATE AND TIME OF LATEST TRANSACTION
control field 20250707144916.0
010 ## - LCCN (DPL NO)
LC control number ENG-145760
020 ## - INTERNATIONAL STANDARD BOOK NUMBER
International Standard Book Number 978811952952
Terms of availability 249.00
035 ## - SYSTEM CONTROL NUMBER
System control number EN-129292
037 ## - SOURCE OF ACQUISITION
Source of stock number/acquisition DBAD/
082 ## - DEWEY DECIMAL CLASSIFICATION NUMBER
Classification number 305.4
100 ## - MAIN ENTRY--PERSONAL NAME
Personal name Osifo Lawrence Emwosa
245 ## - TITLE STATEMENT
Title The Winner Woman/
Statement of responsibility, etc Lawrence Emwosa Osifo
260 ## - PUBLICATION, DISTRIBUTION, ETC. (IMPRINT)
Place of publication, distribution, etc Kolkata
Name of publisher, distributor, etc Exceller Books
Date of publication, distribution, etc 2024
270 ## - ADDRESS
Address G 1 , Dream , Apartment, Degree College Road, Belgharia, Kolkata
City Kolkata
Postal code 700056
300 ## - PHYSICAL DESCRIPTION
Extent 87p.
Dimensions 21.4cm(pb)
942 ## - ADDED ENTRY ELEMENTS (KOHA)
Source of classification or shelving scheme Dewey Decimal Classification
Item type English Books
Classification part 305.4
Call number suffix OSI
Holdings
Withdrawn status Lost status Not for loan Collection code Home library Current library Date acquired Source of acquisition Cost, normal purchase price Full call number Barcode Copy number Cost, replacement price Koha item type
      Non-fiction Mobile Library Mobile Library 07/07/2025 DBAD 249.00 305.4 OSI EN-129292 1 249.00 English Books

© Delhi Public Library
Hit Counter
free hit counter